000 00551nam a22001817a 4500
999 _c181647
_d181647
005 20210929102911.0
010 _aENG-129981
020 _c675.00
_a9789384402136
035 _aEN-113513
037 _bDBAD/PUB
082 _a320.80954
245 _aPanchayati Raj
_bDemocracy and Development
_cMishra, S.K.
250 _a2017
260 _bGyan Geeta Prakashan
270 _aF-7, Gali No.1, Panchsheel Garden, Ext. Naveen Shahdara
_e110032
_bDelhi
300 _aviii,262p
_c21cm (hbk)
_bindex
942 _2ddc
_cEN
_h320.80954
_mMIS